Tutte le squadre di serie A, B e C stagione 2025/2026 - Statistics

Statistiche generali
  • Questo quiz è stato fatto 266 volte
    264 dall'ultimo reset
  • Il punteggio medio è 70 su 100
Statistiche sulle risposte
Risposta % Corretto
Cagliari
99%
Como
99%
Inter
99%
Juventus
99%
Milan
99%
Atalanta
98%
Bologna
98%
Napoli
98%
Fiorentina
97%
Lazio
97%
Pisa
97%
Roma
97%
Torino
97%
Verona
97%
Genoa
96%
Udinese
96%
Cremonese
95%
Lecce
95%
Parma
95%
Sassuolo
95%
Bari
93%
Palermo
93%
Avellino
91%
Sampdoria
90%
Catanzaro
89%
Modena
89%
Pescara
89%
Venezia
89%
Catania
88%
Empoli
88%
Monza
88%
Reggiana
87%
Salernitana
87%
Frosinone
85%
Benevento
84%
Mantova
84%
Padova
82%
Spezia
82%
Sudtirol
82%
Cesena
81%
Carrarese
78%
Ascoli
77%
Juve Stabia
77%
Ternana
77%
Vicenza
77%
Cosenza
75%
Crotone
75%
Perugia
75%
Rimini
75%
Triestina
75%
Lecco
73%
Virtus Entella
72%
Foggia
69%
Livorno
69%
Arezzo
67%
Inter U23
67%
Juventus Next Gen
67%
Latina
67%
Novara
67%
Atalanta U23
66%
Trapani
66%
Ravenna
64%
Casertana
61%
Pro Patria
59%
Pro Vercelli
59%
Trento
59%
Campobasso
58%
Union Brescia
58%
Torres
57%
Alcione
56%
Siracusa
56%
Potenza
56%
Albinoleffe
52%
Sambenedettese
51%
Carpi
50%
Gubbio
50%
Cittadella
49%
Virtus Verona
48%
Audace Cerignola
47%
Dolomiti Bellunesi
47%
Forlì
47%
Monopoli
46%
Bra
45%
Giugliano
45%
Sorrento
45%
Arzignano
44%
Pineto
44%
Renate
43%
Cavese
41%
Guidonia
41%
Vis Pesaro
41%
Giana Erminio
40%
Pianese
40%
Pontedera
40%
Lumezzane
38%
Ospitaletto
37%
AZ Picerno
36%
Team Altamura
34%
Casarano
33%
Pergolettese
33%
Nessun quiz corrispondente trovato
Distribuzione punteggi
Percentuale di utenti per punteggio
Percentile per numero di risposta
I tuoi punteggi nel tempo
Non hai fatto questo quiz dall'ultimo reset